000 00307nam a2200121Ia 4500
008 191201s2019 xx 000 0 und d
100 _aKASTURE, PV AND PARAKH,SR
245 0 _aPharmaceutics I
260 _bNirali Pub
_aNew Delhi
_c2019
300 _aMISC
650 _aPharmaceutics - 23
942 _2ddc
_cBK
_03
999 _c8297
_d8297